| 000 | 01076nam a2200253Ia 4500 | ||
|---|---|---|---|
| 003 | IN-BaIIA | ||
| 008 | 211028s9999 xx 000 0 eng d | ||
| 020 | _a0-89766-180-X | ||
| 040 | _cIIA Library | ||
| 080 |
_a524.5(082.2) _bSYM |
||
| 111 |
_aSymposium on the Orion Nebula to Honor Henry Draper _cNew York _d1981 _913140 |
||
| 245 | 0 |
_aSymposium on the orion nebula to honor Henry Draper _bsymposium on the Orion Nebula to Honor Henry Draper held by the Department of Physics of New York University, 1981 _cedited by A. E. Glassgold, P.J. Huggins and E. L. Schucking |
|
| 260 |
_aNew York _bThe New York Academy of Sciences _c1982 |
||
| 300 | _axii, 338p. | ||
| 490 | _aAnnals of the New York academy of sciences; v. 395 | ||
| 650 | _aAstronomy and astrophysics thesaurus | ||
| 650 |
_aDraper Henry _913141 |
||
| 650 |
_aOrion nebulae _91190 |
||
| 650 |
_aStars formation _913142 |
||
| 700 |
_aGlassgold, A. E., ed. _913143 |
||
| 700 |
_aHuggins, P. J., ed. _913144 |
||
| 700 |
_aSchucking, E. L., ed. _913145 |
||
| 942 | _cBK | ||
| 999 |
_c7778 _d7778 |
||